Sustainable seas for all (Record no. 108549)

MARC details
000 -LEADER
fixed length control field 01343cad a22002295a 4500
001 - CONTROL NUMBER
control field E144575
008 - FIXED-LENGTH DATA ELEMENTS--GENERAL INFORMATION
fixed length control field 080729s2008 xxk f 000 0 eng d
020 ## - INTERNATIONAL STANDARD BOOK NUMBER
International Standard Book Number 9780755957538
035 ## - SYSTEM CONTROL NUMBER
System control number (Sirsi) u144575
041 0# - LANGUAGE CODE
Language code of text/sound track or separate title eng
050 04 - LIBRARY OF CONGRESS CALL NUMBER
Classification number 333.9164 $2 18
110 2# - MAIN ENTRY--CORPORATE NAME
Corporate name or jurisdiction name as entry element Scotland
Subordinate unit Scottish Government
9 (RLIN) 5344
245 00 - TITLE STATEMENT
Title Sustainable seas for all
Remainder of title a consultation on Scotland's first marine bill
Medium [electronic resource]
260 ## - PUBLICATION, DISTRIBUTION, ETC.
Place of publication, distribution, etc. Edinburgh
Name of publisher, distributor, etc. Scottish Government
Date of publication, distribution, etc. 2008
520 ## - SUMMARY, ETC.
Summary, etc. Sets out a strategic approach to the management of the seas around Scotland and invites the comments of interested parties on the proposals. It is hoped that the legislative and management framework being proposed will deliver sustainable economic growth in the marine environment. Specific proposals include the creation of a stable investment environment; a reduction in the regulatory burden; nature conservation; and the creation of a new marine management organisation called Marine Scotland. Deadline for comments is 6 October 2008.
521 ## - TARGET AUDIENCE NOTE
Target audience note Advanced
590 ## - LOCAL NOTE (RLIN)
Local note KA
651 #4 - SUBJECT ADDED ENTRY--GEOGRAPHIC NAME
Geographic name Scotland
Chronological subdivision 1999-
690 ## - LOCAL SUBJECT ADDED ENTRY--TOPICAL TERM (OCLC, RLIN)
Topical term or geographic name as entry element PROPERTY-RURAL AND NATURAL ASSETS-MARINE RESOURCES-MARINE RESOURCE MANAGEMENT
856 40 - ELECTRONIC LOCATION AND ACCESS
Uniform Resource Identifier <a href="https://www.scotland.gov.uk/Publications/2008/07/11100221/0">https://www.scotland.gov.uk/Publications/2008/07/11100221/0</a>
Public note View the consultation free of charge at www.scotland.gov.uk...
942 ## - ADDED ENTRY ELEMENTS (KOHA)
Suppress in OPAC 0
Holdings
Withdrawn status Lost status Source of classification or shelving scheme Damaged status Not for loan Home library Current library Shelving location Date acquired Total Checkouts Full call number Barcode Date last seen Copy number Price effective from Koha item type
    Dewey Decimal Classification     Virtual Virtual Online 29/07/2008   ONLINE PUBLICATION 144575-2001 06/08/2019 1 06/08/2019 Book